<?xml version="1.0" encoding="UTF-8"?>
<record
    xmlns:xsi="http://www.w3.org/2001/XMLSchema-instance"
    xsi:schemaLocation="http://www.loc.gov/MARC21/slim http://www.loc.gov/standards/marcxml/schema/MARC21slim.xsd"
    xmlns="http://www.loc.gov/MARC21/slim">

  <leader>00822nem a2200241 u 4500</leader>
  <controlfield tag="005">20200104041744.0</controlfield>
  <controlfield tag="008">160512b2006    ck ||||| |b|| 00| 0 spa d</controlfield>
  <datafield tag="040" ind1=" " ind2=" ">
    <subfield code="a">CO-BoIAVH</subfield>
    <subfield code="c">CO-BoIAVH</subfield>
  </datafield>
  <datafield tag="041" ind1=" " ind2=" ">
    <subfield code="a">spa</subfield>
  </datafield>
  <datafield tag="044" ind1=" " ind2=" ">
    <subfield code="a">ck</subfield>
  </datafield>
  <datafield tag="090" ind1=" " ind2=" ">
    <subfield code="a">MC-</subfield>
    <subfield code="b">0200</subfield>
  </datafield>
  <datafield tag="110" ind1="2" ind2=" ">
    <subfield code="a">Instituto de Investigaci&#xF3;n de Recursos Biol&#xF3;gicos Alexander von Humboldt.</subfield>
    <subfield code="9">204</subfield>
  </datafield>
  <datafield tag="245" ind1="1" ind2=" ">
    <subfield code="a">Mapa de ecosistemas de los Andes colombianos ;</subfield>
    <subfield code="h">[Material Cartografico]</subfield>
  </datafield>
  <datafield tag="255" ind1=" " ind2=" ">
    <subfield code="a">1:250.000</subfield>
  </datafield>
  <datafield tag="260" ind1=" " ind2=" ">
    <subfield code="a">Bogot&#xE1; ;</subfield>
    <subfield code="b">Instituto de Investigaci&#xF3;n de Recursos Biol&#xF3;gicos Alexander von Humboldt.</subfield>
    <subfield code="c">2006</subfield>
  </datafield>
  <datafield tag="300" ind1=" " ind2=" ">
    <subfield code="a">10 mapas ;</subfield>
    <subfield code="b">color ;</subfield>
    <subfield code="c">41 x 16 cm</subfield>
  </datafield>
  <datafield tag="500" ind1=" " ind2=" ">
    <subfield code="a">Mapas de los Andes colombianos. </subfield>
  </datafield>
  <datafield tag="650" ind1="1" ind2="6">
    <subfield code="a">Geograf&#xED;a</subfield>
    <subfield code="9">92259</subfield>
  </datafield>
  <datafield tag="650" ind1="1" ind2="6">
    <subfield code="a">Ecosistemas </subfield>
    <subfield code="9">70901</subfield>
  </datafield>
  <datafield tag="650" ind1="1" ind2="6">
    <subfield code="a">Paramos </subfield>
    <subfield code="9">70902</subfield>
  </datafield>
  <datafield tag="650" ind1="1" ind2="6">
    <subfield code="a">Infraestrucutra </subfield>
    <subfield code="9">68031</subfield>
  </datafield>
  <datafield tag="942" ind1=" " ind2=" ">
    <subfield code="2">z</subfield>
    <subfield code="c">Mapa</subfield>
  </datafield>
  <datafield tag="999" ind1=" " ind2=" ">
    <subfield code="c">18542</subfield>
    <subfield code="d">18542</subfield>
  </datafield>
  <datafield tag="952" ind1=" " ind2=" ">
    <subfield code="0">0</subfield>
    <subfield code="1">0</subfield>
    <subfield code="2">z</subfield>
    <subfield code="4">0</subfield>
    <subfield code="7">0</subfield>
    <subfield code="8">CARTOGRAFI</subfield>
    <subfield code="a">Bogota</subfield>
    <subfield code="b">Bogota</subfield>
    <subfield code="d">2016-05-12</subfield>
    <subfield code="l">0</subfield>
    <subfield code="o">MC-0200</subfield>
    <subfield code="p">040146</subfield>
    <subfield code="r">2016-05-12 00:00:00</subfield>
    <subfield code="t">Ej.1 P.1</subfield>
    <subfield code="w">2016-05-12</subfield>
    <subfield code="y">Mapa</subfield>
  </datafield>
  <datafield tag="952" ind1=" " ind2=" ">
    <subfield code="0">0</subfield>
    <subfield code="1">0</subfield>
    <subfield code="2">z</subfield>
    <subfield code="4">0</subfield>
    <subfield code="7">0</subfield>
    <subfield code="8">CARTOGRAFI</subfield>
    <subfield code="a">Bogota</subfield>
    <subfield code="b">Bogota</subfield>
    <subfield code="d">2016-05-12</subfield>
    <subfield code="l">0</subfield>
    <subfield code="o">MC-0200</subfield>
    <subfield code="p">040139</subfield>
    <subfield code="r">2016-05-12 00:00:00</subfield>
    <subfield code="t">Ej.1 P.2</subfield>
    <subfield code="w">2016-05-12</subfield>
    <subfield code="y">Mapa</subfield>
    <subfield code="z">Escala 1:2.000.000</subfield>
  </datafield>
  <datafield tag="952" ind1=" " ind2=" ">
    <subfield code="0">0</subfield>
    <subfield code="1">0</subfield>
    <subfield code="2">z</subfield>
    <subfield code="4">0</subfield>
    <subfield code="7">0</subfield>
    <subfield code="8">CARTOGRAFI</subfield>
    <subfield code="a">Bogota</subfield>
    <subfield code="b">Bogota</subfield>
    <subfield code="d">2016-05-12</subfield>
    <subfield code="l">0</subfield>
    <subfield code="o">MC-0200</subfield>
    <subfield code="p">040140</subfield>
    <subfield code="r">2016-05-12 00:00:00</subfield>
    <subfield code="t">Ej.1 P.3</subfield>
    <subfield code="w">2016-05-12</subfield>
    <subfield code="y">Mapa</subfield>
    <subfield code="z">Escala 1:3.500.000</subfield>
  </datafield>
  <datafield tag="952" ind1=" " ind2=" ">
    <subfield code="0">0</subfield>
    <subfield code="1">0</subfield>
    <subfield code="2">z</subfield>
    <subfield code="4">0</subfield>
    <subfield code="7">0</subfield>
    <subfield code="8">CARTOGRAFI</subfield>
    <subfield code="a">Bogota</subfield>
    <subfield code="b">Bogota</subfield>
    <subfield code="d">2016-05-12</subfield>
    <subfield code="l">0</subfield>
    <subfield code="o">MC-0200</subfield>
    <subfield code="p">040145</subfield>
    <subfield code="r">2016-05-12 00:00:00</subfield>
    <subfield code="t">Ej.1 P.4</subfield>
    <subfield code="w">2016-05-12</subfield>
    <subfield code="y">Mapa</subfield>
    <subfield code="z">Escala 1:300.000</subfield>
  </datafield>
  <datafield tag="952" ind1=" " ind2=" ">
    <subfield code="0">0</subfield>
    <subfield code="1">0</subfield>
    <subfield code="2">z</subfield>
    <subfield code="4">0</subfield>
    <subfield code="7">0</subfield>
    <subfield code="8">CARTOGRAFI</subfield>
    <subfield code="a">Bogota</subfield>
    <subfield code="b">Bogota</subfield>
    <subfield code="d">2016-05-12</subfield>
    <subfield code="l">0</subfield>
    <subfield code="o">MC-0200</subfield>
    <subfield code="p">040144</subfield>
    <subfield code="r">2016-05-12 00:00:00</subfield>
    <subfield code="t">Ej.1 P.5</subfield>
    <subfield code="w">2016-05-12</subfield>
    <subfield code="y">Mapa</subfield>
    <subfield code="z">Escala 1:300.000</subfield>
  </datafield>
  <datafield tag="952" ind1=" " ind2=" ">
    <subfield code="0">0</subfield>
    <subfield code="1">0</subfield>
    <subfield code="2">z</subfield>
    <subfield code="4">0</subfield>
    <subfield code="7">0</subfield>
    <subfield code="8">CARTOGRAFI</subfield>
    <subfield code="a">Bogota</subfield>
    <subfield code="b">Bogota</subfield>
    <subfield code="d">2016-05-12</subfield>
    <subfield code="l">0</subfield>
    <subfield code="o">MC-0200</subfield>
    <subfield code="p">040143</subfield>
    <subfield code="r">2016-05-12 00:00:00</subfield>
    <subfield code="t">Ej.1 P.6</subfield>
    <subfield code="w">2016-05-12</subfield>
    <subfield code="y">Mapa</subfield>
    <subfield code="z">Escala 1:250.000</subfield>
  </datafield>
  <datafield tag="952" ind1=" " ind2=" ">
    <subfield code="0">0</subfield>
    <subfield code="1">0</subfield>
    <subfield code="2">z</subfield>
    <subfield code="4">0</subfield>
    <subfield code="7">0</subfield>
    <subfield code="8">CARTOGRAFI</subfield>
    <subfield code="a">Bogota</subfield>
    <subfield code="b">Bogota</subfield>
    <subfield code="d">2016-05-12</subfield>
    <subfield code="l">0</subfield>
    <subfield code="o">MC-0200</subfield>
    <subfield code="p">040142</subfield>
    <subfield code="r">2016-05-12 00:00:00</subfield>
    <subfield code="t">Ej.1 P.7</subfield>
    <subfield code="w">2016-05-12</subfield>
    <subfield code="y">Mapa</subfield>
    <subfield code="z">Escala 1:250.000</subfield>
  </datafield>
  <datafield tag="952" ind1=" " ind2=" ">
    <subfield code="0">0</subfield>
    <subfield code="1">0</subfield>
    <subfield code="2">z</subfield>
    <subfield code="4">0</subfield>
    <subfield code="7">0</subfield>
    <subfield code="8">CARTOGRAFI</subfield>
    <subfield code="a">Bogota</subfield>
    <subfield code="b">Bogota</subfield>
    <subfield code="d">2016-05-12</subfield>
    <subfield code="l">0</subfield>
    <subfield code="o">MC-0200</subfield>
    <subfield code="p">040141</subfield>
    <subfield code="r">2016-05-12 00:00:00</subfield>
    <subfield code="t">Ej.1 P.8</subfield>
    <subfield code="w">2016-05-12</subfield>
    <subfield code="y">Mapa</subfield>
    <subfield code="z">Escala 1:250.000</subfield>
  </datafield>
  <datafield tag="952" ind1=" " ind2=" ">
    <subfield code="0">0</subfield>
    <subfield code="1">0</subfield>
    <subfield code="2">z</subfield>
    <subfield code="4">0</subfield>
    <subfield code="7">0</subfield>
    <subfield code="8">CARTOGRAFI</subfield>
    <subfield code="a">Bogota</subfield>
    <subfield code="b">Bogota</subfield>
    <subfield code="d">2016-05-12</subfield>
    <subfield code="l">0</subfield>
    <subfield code="o">MC-0200</subfield>
    <subfield code="p">040181</subfield>
    <subfield code="r">2016-05-12 00:00:00</subfield>
    <subfield code="t">Ej.1 P.9</subfield>
    <subfield code="w">2016-05-12</subfield>
    <subfield code="y">Mapa</subfield>
    <subfield code="z">Escala 1:400.000</subfield>
  </datafield>
  <datafield tag="952" ind1=" " ind2=" ">
    <subfield code="0">0</subfield>
    <subfield code="1">0</subfield>
    <subfield code="2">z</subfield>
    <subfield code="4">0</subfield>
    <subfield code="7">0</subfield>
    <subfield code="8">CARTOGRAFI</subfield>
    <subfield code="a">Bogota</subfield>
    <subfield code="b">Bogota</subfield>
    <subfield code="d">2016-05-12</subfield>
    <subfield code="l">0</subfield>
    <subfield code="o">MC-0200</subfield>
    <subfield code="p">040182</subfield>
    <subfield code="r">2016-05-12 00:00:00</subfield>
    <subfield code="t">Ej.1 P.10</subfield>
    <subfield code="w">2016-05-12</subfield>
    <subfield code="y">Mapa</subfield>
    <subfield code="z">1:250.000</subfield>
  </datafield>
</record>
